000 01150nam0a22002771 4500
001 rc\3200723
005 20260405053625.0
021 _aRU
_b[76-6956]
035 _a(NLR Aleph) 007354719
090 _a6245761
_c6245761
100 _a20120628d1976 |||y0rusy50 ca
101 0 _arus
102 _aRU
105 _aa z |||a|
200 1 _aЧерез трудный порог
_eИз дневника классного руководителя школы рабочей молодежи
_e[Повесть
_eДля ст. школьного возраста]
_fГригорий Релес
_g[Худож. Ю.В. Пучинский]
210 _aМинск
_cМастацкая лит.
_d1976
215 _a142 с.
_cил.
_d20
606 _aРабочая молодежь в СССР (д. л.)
_2psbo
606 _aШколы рабочей молодежи (д. л.)
_2psbo
700 1 _8rus
_7ca
_aРелес
_bГ. Л.
_f1913-2004
_gГригорий Львович
_3RU\NLR\AUTH\7717442
_9529
702 1 _aПучинский
_bЮ.В.
_4440
801 0 _aRU
_bNLR
_gpsbo
801 1 _aRU
_bELAR
_2rusmarc
852 _aNLR
_j76-3/3627
942 _cBOOK
980 _aNB